Statistics for Top 50 Countries With The Most Freedom

Click here to take the quiz!

General Stats

  • This quiz has been taken 1,869 times
  • The average score is 38 of 50

Answer Stats

ScoreCountry% Correct
8.69United States
98%
8.85Canada
97%
8.84Sweden
97%
8.75United Kingdom
97%
8.87Finland
96%
8.76Norway
96%
8.82Australia
95%
8.56Spain
95%
8.98Denmark
94%
9.01New Zealand
93%
9.11Switzerland
93%
8.73Germany
92%
8.73Japan
92%
8.71Portugal
92%
8.67Belgium
91%
8.33France
91%
8.77Iceland
91%
8.90Ireland
91%
8.44Italy
91%
8.79Netherlands
91%
8.68Austria
90%
7.93Poland
89%
8.80Luxembourg
86%
8.37South Korea
86%
8.61Czech Republic
84%
8.22Slovakia
84%
8.91Estonia
83%
8.36Slovenia
83%
8.67Latvia
82%
8.68Lithuania
82%
8.16Croatia
78%
8.33Romania
75%
7.98Singapore
72%
8.60Chile
71%
8.45Malta
70%
8.08Bulgaria
69%
8.68Taiwan
69%
8.42Cyprus
56%
8.25Bahamas
55%
8.34Costa Rica
55%
8.14Panama
55%
7.97Peru
53%
8.39Uruguay
53%
7.90Jamaica
49%
7.92Dominican Republic
46%
7.92Barbados
43%
8.20Georgia
31%
8.12Armenia
30%
8.07Mauritius
23%
8.00Mongolia
22%

Score Distribution

Percentile by Number Answered

Percent of People with Each Score

Your Score History

You have not taken this quiz